000 01302nam a2200229Ia 4500
001 L966-45210
003 IT-CnALBA
008 170116s9999||||xx |||||||||||||| ||und||
040 _aIT-CnALBA
_cIT-CnALBA
041 _aITALIANO
100 _aBELLONI GIAN GUIDO
245 0 _aSTORIA DI ROMA. VOL. XXI. LE ANTICHITÀ ROMANE. L'UOMO ROMANO, AFFERMAZIONI DEL DOMINIO E FERMENTI DELLO SPIRITO.
250 _a1a ed.
260 _a BOLOGNA
_bCAPPELLI LICINIO - EDITORE
_c1996 [1° Ed.:1996 - Ed.Ling.Originale: 1996]
300 _a533 p.
500 _aISTITUTO STUDI ROMANI. INDICI. TAVOLE. ENEA E ROMOLO NEL NUUS ORDINE. VIRGILIO. ORAZIO. STATUE ONORARIE. ELOGIA. RITRATTO E FIGURA DEL ROMANO. FONTI DI EVENTI. EDIFICI E LUOGHI STORICI DI ROMA. PROPAGANDA, IDEOLOGICA E OCCASIONALE. VIRTÙ. ETA' TRASCENDENT
501 _aSocietà San Paolo EM - Piazza San Paolo, 14 - 12051 ALBA (CN) (non commercial uses only) ® Copyright 2017
520 _aISTITUTO STUDI ROMANI. INDICI. TAVOLE. ENEA E ROMOLO NEL NUUS ORDINE. VIRGILIO. ORAZIO. STATUE ONORARIE. ELOGIA. RITRATTO E FIGURA DEL ROMANO. FONTI DI EVENTI. EDIFICI E LUOGHI STORICI DI ROMA. PROPAGANDA, IDEOLOGICA E OCCASIONALE. VIRTÙ. ETA' TRASCENDENT
650 _aMONOGRAFIE STOR. DI LOCAL. ITAL.-ESTER
942 _cBK
957 _71
999 _a50960
_bNO
_g Copie: 1
_c304124
_d304124